| 000 | 00980nam a22002177a 4500 | ||
|---|---|---|---|
| 999 |
_c181381 _d181381 |
||
| 005 | 20210909160401.0 | ||
| 010 | _aENG-129901-129903 | ||
| 020 |
_a978-93-8854-837-3 _c8038.00( vol.4) |
||
| 035 | _a EN-113433 -36 | ||
| 037 | _bDBAD/PUB | ||
| 082 | _a349.5403 | ||
| 100 | _aAiyar,P Ramanatha | ||
| 245 |
_aAdvanced law lexicon: _cP Ramanatha Aiyar, co Author by Shakil Ahmad Khan _bThe encyclopaedic law dictionary with words & Phrases legal maxims and latin terms/ |
||
| 250 | _a6th ed. | ||
| 260 |
_bLexis Nexis _aIndia _c2019 |
||
| 270 |
_bGurgaon _e122002 _a14th Floor , Building No 10, Tower-B, DLF Cyber City, phase -ll _k+91 124 4774444 _l+91 124 4774100 _mhelp.in@lexisnexis.com |
||
| 300 |
_acii.6045p. _c25cm(hbk) _bvol.1-4 |
||
| 500 | _avol.1(A-C) vol.2(D-1) vol.3(J-P) vol.4(Q-Z) | ||
| 700 | _a Shakil Ahmad Khan | ||
| 942 |
_2ddc _cEN _h349.5403 _mAIY |
||